000 00415nam a2200121Ia 4500
008 220620s9999||||xx |||||||||||||| ||und||
100 _aJan Oxholm Gordeladze||Stavros J. Baloyannis
245 0 _aHypothalamus in Health and Diseases
546 _aEnglish[eng]
650 _aLife Sciences||Neuroscience||Neurophysiology
856 _uhttps://www.intechopen.com/books/hypothalamus-in-health-and-diseases
942 _cEB
999 _c34516
_d34516